Responses for show #294 - Thursday, October 24, 1985

Mark Leinwand game 1.

Contestants

[<< previous game]

Scott Feigelstein, a community relations specialist originally from Brooklyn, New York

Mark Leinwand, an attorney and a businessman from Los Angeles, California

Ginny Crispell, an English teacher from Port Jefferson, New York (whose 2-day cash winnings total $13,100)

[next game >>]

Jeopardy! Round responses

NOTORIOUS
SCIENCE TRIVIA
TOY NAMES
(Alex: In every response there is the name of someone that is also the name of a popular toy.)
OKLAHOMA
MAKEUP
TV HORSES
    $100 6
Baby Face Nelson

Mark
    $100 9
(Scott: What is a tablespoon?)

a teaspoon

Scott
Triple Stumper
    $100 14
Jacks

Ginny
    $100 26
[The end-of-round signal sounds.]

Will Rogers

Scott
    $100 19
their forehead

Mark
    $100 1
Gene Autry

Ginny
    $200 7
a train robbery

Scott
    $200 10
melt

Scott
    $200 15
Lucille Ball

Scott
    $200 20
black

Mark
    $200 2
Buttermilk

Scott
    $300 8
(Ginny: Who is Bluebeard?)
[ERRATUM: Ann's last name is spelled "Bonny" and Ginny's incorrect response was accepted and repeated by Alex with no mention of who should have been the correct response.]

Blackbeard

Ginny
    $300 12
magnetism

Triple Stumper
    $300 17
Checkers

Ginny
    $300 21
the white

Mark
    $300 3
Peter Graves

Scott
    $400 11
(Ginny: Who is Eliot Ness?)
(Scott: Who is Melvin Purvis?)
...
(Alex: He tied him up with a rope.)

J. Edgar Hoover

GinnyMarkScott
    $400 13
the speed of sound

Mark
    $400 18
[Laughter]

H&R Block

Mark
    $400 22
(Alex: Mine shows about a minute to go in this round.)

the palms

Triple Stumper
    $400 4
My Friend Flicka

Scott
    $500 16
Leopold & Loeb

Ginny
    $500 23
(Ginny: What is lead?)

copper

Ginny
Triple Stumper
    $500 24
Bat Masterson

Mark
    $500 25
Madame de Pompadour

Triple Stumper
    $500 5
[NOTE: Alex did not give the last name, Hickok.]

"Wild Bill"

Triple Stumper

Scores at the first commercial break (after clue 11):

Ginny Mark Scott
$0 $500 $800

Scores at the end of the Jeopardy! Round:

Ginny Mark Scott
$400 $2,400 $1,100

Double Jeopardy! Round responses

EXPLORERS
THE HEART
MAGIC
FOLK MUSIC
THE BLUE & THE GRAY
POTPOURRI
    $200 4
Lewis & Clark

Scott
    $200 6
a pacemaker

Ginny
    $200 10
white magic

Ginny
    $200 8
"Where Have All The Flowers Gone"

Scott
    $200 7
South Carolina

Mark
    $200 1
a Corvair

Ginny
    $400 5
Magellan

Mark
    $400 15
(Scott: What is a blacksmith's anvil?)

the bishop's hat

Scott
Triple Stumper
    $400 19
a piece of the (true) cross (of Christ)

Ginny
    $400 22
Lead Belly

Mark
    $400 17
Johnny Reb

Ginny
    $400 2
Peking

Mark
    $600 9
Lake Champlain

Mark
    $600 16
the aorta

Ginny
    $600 20
abracadabra

Triple Stumper
    $600 23
"Kisses Sweeter Than Wine"

Ginny
    $600 18
General Lee

Scott
    $600 3
(Alex: Yeah, they got thick skin and they don't feel it apparently, at least that's what folks tell me; I don't know about the elephants.)

an elephant

Scott
    $800 13
the South Pole

Triple Stumper
    $800 21
Jarvik

Mark
    $800 24
(Alex: It cures the illness, but unfortunately, they die.)
[Laughter]

the Koran

Mark
    $500 25
(Alex: We've got less than a minute to go.)

"We Shall Overcome"

Mark
    $800 11
dancing

Ginny
    $1000 14
Verrazano

Ginny
    $1000 26
(Mark: What is The Ed Sullivan Show?)
...
[The end-of-round signal sounds.]

Hootenanny

Mark
Triple Stumper
    $1000 12
the Amazon

Scott

Scores at the end of the Double Jeopardy! Round:

Ginny Mark Scott
$4,800 $4,500 $3,300

[wagering suggestions for these scores]

Final Jeopardy! Round responses

BUSINESS & INDUSTRY
ScottWhat is General Motors
$3,300
MarkWhat is General Motors?
$4,450
GinnyWhat is Boeing?
$800
General Motors

Final scores:

Ginny Mark Scott
$4,000 $8,950 $6,600
3rd place: Bushnell telescope New champion: $8,950 2nd place: Admiral refrigerator + Coffee Imports coffee center

Game dynamics:

Coryat scores:

Ginny Mark Scott
$4,800 $5,000 $3,300
14 R,
2 W
15 R,
2 W
(including 1 DD)
12 R,
3 W

Combined Coryat: $13,100

The J! Archive is created by fans, for fans. The Jeopardy! game show and all elements thereof, including but not limited to copyright and trademark thereto, are the property of Jeopardy Productions, Inc. and are protected under law. This website is not affiliated with, sponsored by, or operated by Jeopardy Productions, Inc. Join the discussion at JBoard.tv.